Welcome to the Holygrace Academy Library

Please use search bar below to get started

MEASURE FOR MEASURE (Record no. 414)

MARC details
000 -LEADER
fixed length control field 00302nam a22001337a 4500
020 ## - INTERNATIONAL STANDARD BOOK NUMBER
ISBN 817826471-4
082 ## - DEWEY DECIMAL CLASSIFICATION NUMBER
Classification number 823
Item number SHA/M
100 ## - MAIN ENTRY--AUTHOR NAME
Personal name WILLIAM SHAKESPEAR
245 ## - TITLE STATEMENT
Title MEASURE FOR MEASURE
260 ## - PUBLICATION, DISTRIBUTION, ETC. (IMPRINT)
Place of publication DELHI
Name of publisher ROHAN BOOK COMPANY
300 ## - PHYSICAL DESCRIPTION
Number of Pages 221
650 ## - SUBJECT ADDED ENTRY--TOPICAL TERM
Topical Term MODERN ILLUSTRATED CLASSICS
942 ## - ADDED ENTRY ELEMENTS (KOHA)
Koha item type Books
Holdings
Withdrawn status Lost status Collection code Home library Current library Shelving location Date acquired Source of acquisition Cost, normal purchase price Full call number Accession Number Koha item type
    Fiction Main Library Main Library On Display 28/10/2006 purchase 30.00 823 SHA/M 02452 Books
    Fiction Main Library Main Library On Display 06/04/2006 purchase 30.00 823 SHA/M 02384 Books